000 00602nam a2200205 i 4500
001 134057
003 ES-MaACL
007 t|
008 070905s1953 sp ||||1| spa d
100 1 _aWare, Harlan.
_9116096
245 1 0 _aVeneno implacable /
_cHarlan Ware ; [versión española de José María Claramunda Bes].
250 _a[1ª ed.].
260 _aBarcelona :
_bLuis de Caralt,
_c[1953]
300 _a297 p. ;
_c21 cm.
490 1 _aGigante
700 1 _aClaramunda Bes, José María.
_938998
830 0 _aGigante
_9181050
852 _aES-MaACL
_jC-6796
_bR.34428
999 _c134057
_d134057